Become the person you dream of being
| Main Author: | |
|---|---|
| Format: | Book |
| Published: |
Inida :
Manjul Publishing House Pvt. Ltd ,
2003
|
| Subjects: |
MARC
| LEADER | 00000cam a2200000 7i4500 | ||
|---|---|---|---|
| 001 | 0000038356 | ||
| 005 | 20150201.0 | ||
| 008 | 131011 | ||
| 020 | |a 8186775137 | ||
| 090 | 0 | 0 | |a 155.25 |b BEA |
| 100 | 1 | |a Beavis, Wes | |
| 245 | 1 | 0 | |a Become the person you dream of being |c Wes Beavis |
| 260 | |a Inida : |b Manjul Publishing House Pvt. Ltd , |c 2003 | ||
| 650 | 0 | |a Succes |x Psychological aspects | |
| 999 | |a 0001243173 |b Book |c Adult Collection |e Perbadanan Perpustakaan Awam Johor | ||